000 01092nam0a2200301 4500
001 RU\NLR\bibl\1875913
005 20260409080616.0
021 _aRU
_b2012-9259
_9693
035 _a(NLR Aleph) 001865717
090 _a2592513
_c2592513
100 _a20120302d2011 |||y0rusy50 ca
101 0 _arus
_achu
102 _aRU
105 _aa |||||||||
200 1 _aСвятое Евангелие на церковнославянском и русском языках
_e(с зачалами)
210 _aКлин
_cХристианская жизнь
_d2011
215 _a831, [1] с.
_cил.
_d21
320 _aКрат. указ. Евангел. богослужеб. чтений: с. 830-831
500 _aБиблия
_iН.З.
_iЕвангелие
_3RU\NLR\auth\553145
_92631082
605 _aБиблия
_iНовый Завет
_iЕвангелие
_92079095
_3RU\NLR\auth\661254967
686 _aЭ37-220.911
801 0 _aRU
_bNLR
_c20120302
_gRCR
801 1 _aRU
_bNLR
_c20120302
942 _cBOOK
980 _aNB
980 _aNBR